[Event "Poznan Chess Festival"]
[Site "chess24.com"]
[Date "2021.08.17"]
[Round "4"]
[White "Nowak, Mikolaj"]
[Black "Grzelak, Marcin"]
[Result "1-0"]
[Board "5"]
[WhiteElo "2313"]
[WhiteCountry "POL"]
[WhiteFideId "1191365"]
[WhiteEloChange "3"]
[BlackElo "1978"]
[BlackCountry "POL"]
[BlackFideId "1133519"]
[BlackEloChange "-3"]

1. Nf3 {[%clk 1:30:54]} Nf6 {[%clk 1:30:52]} 2. c4 {[%clk 1:31:16]} g6 {[%clk
1:30:15]} 3. d4 {[%clk 1:31:40]} Bg7 {[%clk 1:29:09]} 4. e3 {[%clk 1:32:03]} O-O
{[%clk 1:28:57]} 5. Be2 {[%clk 1:29:55]} d6 {[%clk 1:29:19]} 6. Nc3 {[%clk
1:30:21]} Nbd7 {[%clk 1:29:41]} 7. O-O {[%clk 1:30:42]} e5 {[%clk 1:29:15]} 8.
Qc2 {[%clk 1:31:07]} Re8 {[%clk 1:19:53]} 9. Rd1 {[%clk 1:31:09]} e4 {[%clk
1:17:30]} 10. Nd2 {[%clk 1:30:10]} Qe7 {[%clk 1:07:26]} 11. b4 {[%clk 1:29:30]}
c6 {[%clk 1:06:09]} 12. a4 {[%clk 1:26:57]} d5 {[%clk 0:57:14]} 13. Ba3 {[%clk
1:24:41]} Nf8 {[%clk 0:46:24]} 14. b5 {[%clk 1:23:05]} Qd8 {[%clk 0:44:57]} 15.
a5 {[%clk 1:15:53]} a6 {[%clk 0:40:15]} 16. bxc6 {[%clk 1:15:11]} bxc6 {[%clk
0:40:34]} 17. Rdb1 {[%clk 1:14:28]} Bg4 {[%clk 0:32:57]} 18. Bf1 {[%clk 1:12:12]}
Qc8 {[%clk 0:28:02]} 19. Na4 {[%clk 1:09:20]} N8d7 {[%clk 0:27:01]} 20. Nb6
{[%clk 1:09:14]} Nxb6 {[%clk 0:26:55]} 21. axb6 {[%clk 1:09:36]} Qb8 {[%clk
0:22:10]} 22. Bc5 {[%clk 1:07:37]} Qb7 {[%clk 0:10:58]} 23. Bd6 {[%clk 1:07:32]}
Bf8 {[%clk 0:08:19]} 24. Bxf8 {[%clk 1:07:01]} Kxf8 {[%clk 0:08:46]} 25. Ra5
{[%clk 1:06:13]} Reb8 {[%clk 0:08:21]} 26. Qa2 {[%clk 1:05:21]} Bc8 {[%clk
0:06:05]} 27. c5 {[%clk 1:05:23]} Nd7 {[%clk 0:06:00]} 28. Ra1 {[%clk 1:05:10]}
Nxb6 {[%clk 0:05:08]} 29. cxb6 {[%clk 1:04:48]} Qxb6 {[%clk 0:05:31]} 30. Rb1
{[%clk 1:04:36]} Qc7 {[%clk 0:05:36]} 31. Rxb8 {[%clk 1:04:59]} Qxb8 {[%clk
0:05:52]} 32. Nb3 {[%clk 1:04:53]} Qb4 {[%clk 0:05:00]} 33. Qa3 {[%clk 1:03:51]}
Rb8 {[%clk 0:05:12]} 34. h3 {[%clk 1:01:15]} 1-0

[Event "Poznan Chess Festival"]
[Site "chess24.com"]
[Date "2021.08.17"]
[Round "4"]
[White "Glatty, Zbigniew"]
[Black "Chaczynski, Kamil"]
[Result "0-1"]
[Board "6"]
[WhiteElo "1840"]
[WhiteCountry "POL"]
[WhiteFideId "1171305"]
[WhiteEloChange "-5"]
[BlackElo "2040"]
[BlackCountry "POL"]
[BlackFideId "21807906"]
[BlackEloChange "5"]

1. e4 {[%clk 1:30:54]} c5 {[%clk 1:30:59]} 2. Nf3 {[%clk 1:31:16]} Nc6 {[%clk
1:31:28]} 3. d4 {[%clk 1:31:39]} cxd4 {[%clk 1:31:53]} 4. Nxd4 {[%clk 1:32:05]}
Nf6 {[%clk 1:32:13]} 5. Nc3 {[%clk 1:32:28]} e5 {[%clk 1:32:37]} 6. Ndb5 {[%clk
1:32:33]} d6 {[%clk 1:33:05]} 7. Bg5 {[%clk 1:32:36]} a6 {[%clk 1:33:26]} 8. Na3
{[%clk 1:32:58]} b5 {[%clk 1:33:48]} 9. Nd5 {[%clk 1:33:14]} Be7 {[%clk 1:34:13]}
10. Bxf6 {[%clk 1:33:36]} Bxf6 {[%clk 1:34:31]} 11. c3 {[%clk 1:33:48]} O-O
{[%clk 1:34:53]} 12. h4 {[%clk 1:33:04]} g6 {[%clk 1:35:14]} 13. g3 {[%clk
1:33:00]} Bg7 {[%clk 1:35:35]} 14. Bd3 {[%clk 1:29:31]} Ne7 {[%clk 1:35:50]} 15.
Nxe7+ {[%clk 1:27:24]} Qxe7 {[%clk 1:36:17]} 16. Nc2 {[%clk 1:26:23]} Bb7 {[%clk
1:35:52]} 17. O-O {[%clk 1:21:49]} f5 {[%clk 1:31:47]} 18. Re1 {[%clk 1:10:46]}
Kh8 {[%clk 1:21:18]} 19. a4 {[%clk 1:08:30]} fxe4 {[%clk 1:12:06]} 20. Bxe4
{[%clk 1:06:52]} d5 {[%clk 1:01:46]} 21. Bg2 {[%clk 1:06:28]} Qc5 {[%clk
0:56:39]} 22. Qd2 {[%clk 0:59:38]} bxa4 {[%clk 0:50:23]} 23. Rxa4 {[%clk
0:59:00]} Bc6 {[%clk 0:47:37]} 24. Rb4 {[%clk 0:56:17]} a5 {[%clk 0:46:03]} 25.
Rb3 {[%clk 0:56:27]} Rad8 {[%clk 0:41:58]} 26. Ra3 {[%clk 0:47:53]} Rd7 {[%clk
0:27:40]} 27. Rea1 {[%clk 0:39:32]} a4 {[%clk 0:27:04]} 28. Nb4 {[%clk 0:33:39]}
Rdf7 {[%clk 0:23:05]} 29. Nxc6 {[%clk 0:33:09]} Rxf2 {[%clk 0:22:41]} 30. Qxd5
{[%clk 0:32:21]} Rxg2+ {[%clk 0:22:59]} 31. Kxg2 {[%clk 0:31:30]} 0-1

[Event "Poznan Chess Festival"]
[Site "chess24.com"]
[Date "2021.08.17"]
[Round "4"]
[White "Wesolowski, Edgar"]
[Black "Szelag, Zuzanna"]
[Result "1-0"]
[Board "7"]
[WhiteElo "1975"]
[WhiteCountry "POL"]
[WhiteFideId "1138022"]
[WhiteEloChange "6"]
[BlackElo "1839"]
[BlackCountry "POL"]
[BlackFideId "1195522"]
[BlackEloChange "-6"]

1. c4 {[%clk 1:30:57]} f5 {[%clk 1:30:58]} 2. Nf3 {[%clk 1:31:13]} Nf6 {[%clk
1:31:22]} 3. Nc3 {[%clk 1:31:35]} d6 {[%clk 1:31:39]} 4. d4 {[%clk 1:31:37]} g6
{[%clk 1:32:06]} 5. e3 {[%clk 1:30:34]} Bg7 {[%clk 1:32:28]} 6. Bd3 {[%clk
1:30:57]} O-O {[%clk 1:32:21]} 7. O-O {[%clk 1:31:17]} c6 {[%clk 1:31:23]} 8. e4
{[%clk 1:29:51]} fxe4 {[%clk 1:30:42]} 9. Nxe4 {[%clk 1:30:16]} Na6 {[%clk
1:28:08]} 10. Nfg5 {[%clk 1:18:53]} Qe8 {[%clk 1:18:18]} 11. Nxf6+ {[%clk
1:15:46]} Rxf6 {[%clk 1:16:51]} 12. Re1 {[%clk 1:15:19]} Nc7 {[%clk 1:10:55]} 13.
Ne4 {[%clk 1:14:04]} Re6 {[%clk 1:07:33]} 14. d5 {[%clk 1:13:59]} Nxd5 {[%clk
0:59:47]} 15. cxd5 {[%clk 1:14:13]} cxd5 {[%clk 1:00:09]} 16. Nc3 {[%clk
1:04:44]} Rxe1+ {[%clk 0:59:25]} 17. Qxe1 {[%clk 1:05:10]} e6 {[%clk 0:59:04]}
18. Nxd5 {[%clk 1:04:51]} Qf7 {[%clk 0:54:53]} 19. Nc3 {[%clk 1:03:48]} d5 {[%clk
0:52:27]} 20. Bg5 {[%clk 1:02:57]} e5 {[%clk 0:49:30]} 21. Rd1 {[%clk 1:02:36]}
Be6 {[%clk 0:48:52]} 22. Bb1 {[%clk 0:52:26]} a6 {[%clk 0:43:15]} 23. a3 {[%clk
0:52:40]} d4 {[%clk 0:42:04]} 24. Ne4 {[%clk 0:52:42]} Bd5 {[%clk 0:40:47]} 25.
Qb4 {[%clk 0:50:24]} Rf8 {[%clk 0:39:44]} 26. f3 {[%clk 0:50:17]} b5 {[%clk
0:37:05]} 27. Qd6 {[%clk 0:48:42]} Bb7 {[%clk 0:34:34]} 28. Nc5 {[%clk 0:47:33]}
Bd5 {[%clk 0:30:56]} 29. Nd7 {[%clk 0:46:17]} Bb3 {[%clk 0:28:37]} 30. Re1 {[%clk
0:46:09]} Rc8 {[%clk 0:27:13]} 31. Nxe5 {[%clk 0:45:09]} Qc7 {[%clk 0:25:36]} 32.
Qxc7 {[%clk 0:39:45]} Rxc7 {[%clk 0:26:02]} 33. Nd3 {[%clk 0:40:02]} h6 {[%clk
0:24:17]} 34. Bf4 {[%clk 0:39:06]} Rc8 {[%clk 0:23:42]} 35. Re7 {[%clk 0:38:36]}
g5 {[%clk 0:23:26]} 36. Bg3 {[%clk 0:38:50]} Bf6 {[%clk 0:20:55]} 37. Rc7 {[%clk
0:37:49]} Re8 {[%clk 0:20:06]} 38. Nc5 {[%clk 0:37:53]} Bc4 {[%clk 0:20:01]} 39.
Bh7+ {[%clk 0:37:18]} Kh8 {[%clk 0:19:55]} 40. Be4 {[%clk 0:37:35]} Bg7 {[%clk
0:19:10]} 41. b3 {[%clk 0:37:57]} Bg8 {[%clk 0:19:14]} 42. Ra7 {[%clk 0:37:25]}
d3 {[%clk 0:19:17]} 43. Bxd3 {[%clk 0:36:40]} Bd4+ {[%clk 0:16:55]} 44. Bf2
{[%clk 0:37:04]} Re1+ {[%clk 0:16:40]} 45. Bf1 {[%clk 0:37:30]} Bxc5 {[%clk
0:16:46]} 46. Bxc5 {[%clk 0:37:50]} Bxb3 {[%clk 0:17:14]} 47. Kf2 {[%clk
0:38:16]} Re6 {[%clk 0:16:25]} 48. Bd3 {[%clk 0:38:08]} Rc6 {[%clk 0:15:57]} 49.
Bd4+ {[%clk 0:38:07]} Kg8 {[%clk 0:16:23]} 50. Be4 {[%clk 0:37:55]} Rc1 {[%clk
0:15:55]} 51. Rxa6 {[%clk 0:38:07]} Bc4 {[%clk 0:16:08]} 52. Rxh6 {[%clk
0:38:17]} 1-0

[Event "Poznan Chess Festival"]
[Site "chess24.com"]
[Date "2021.08.17"]
[Round "4"]
[White "Kaczmarek, Jan"]
[Black "Stempin, Pawel"]
[Result "1/2-1/2"]
[Board "8"]
[WhiteElo "1337"]
[WhiteCountry "POL"]
[WhiteFideId "21059276"]
[WhiteEloChange "8"]
[BlackElo "2356"]
[BlackTitle "IM"]
[BlackCountry "POL"]
[BlackFideId "1100068"]
[BlackEloChange "-8"]

1. e4 {[%clk 1:30:58]} e6 {[%clk 1:30:31]} 2. d4 {[%clk 1:31:17]} d5 {[%clk
1:30:50]} 3. Nd2 {[%clk 1:31:33]} Nf6 {[%clk 1:31:01]} 4. e5 {[%clk 1:31:43]}
Nfd7 {[%clk 1:31:21]} 5. Bd3 {[%clk 1:31:41]} c5 {[%clk 1:31:35]} 6. c3 {[%clk
1:31:46]} Nc6 {[%clk 1:30:55]} 7. Ndf3 {[%clk 1:30:44]} cxd4 {[%clk 1:25:33]} 8.
cxd4 {[%clk 1:31:07]} Bb4+ {[%clk 1:24:04]} 9. Bd2 {[%clk 1:31:21]} Qb6 {[%clk
1:23:48]} 10. Ne2 {[%clk 1:29:51]} f6 {[%clk 1:18:19]} 11. exf6 {[%clk 1:27:53]}
Nxf6 {[%clk 1:18:29]} 12. O-O {[%clk 1:27:20]} Bxd2 {[%clk 1:15:43]} 13. Qxd2
{[%clk 1:27:40]} O-O {[%clk 1:16:04]} 14. Rae1 {[%clk 1:21:02]} Bd7 {[%clk
1:08:45]} 15. Nf4 {[%clk 1:16:43]} Rae8 {[%clk 1:08:00]} 16. Re2 {[%clk 1:01:57]}
Re7 {[%clk 0:53:30]} 17. Rfe1 {[%clk 0:59:43]} Nb4 {[%clk 0:51:36]} 18. Bf5
{[%clk 0:43:42]} Nxa2 {[%clk 0:39:53]} 19. Bxe6+ {[%clk 0:22:31]} Bxe6 {[%clk
0:39:25]} 20. Rxe6 {[%clk 0:22:24]} Rxe6 {[%clk 0:39:21]} 21. Rxe6 {[%clk
0:22:19]} Qb5 {[%clk 0:33:36]} 22. Qe2 {[%clk 0:17:05]} Qxe2 {[%clk 0:32:27]} 23.
Rxe2 {[%clk 0:17:18]} Nb4 {[%clk 0:32:48]} 24. Re7 {[%clk 0:16:05]} Rf7 {[%clk
0:32:52]} 25. Rxf7 {[%clk 0:16:23]} Kxf7 {[%clk 0:33:13]} 26. Kf1 {[%clk
0:16:16]} Ke7 {[%clk 0:32:49]} 27. Ke2 {[%clk 0:16:14]} Kd6 {[%clk 0:32:41]} 28.
Ne5 {[%clk 0:15:26]} b6 {[%clk 0:26:37]} 29. f3 {[%clk 0:14:30]} Nc6 {[%clk
0:26:33]} 1/2-1/2

[Event "Poznan Chess Festival"]
[Site "chess24.com"]
[Date "2021.08.17"]
[Round "4"]
[White "Schmidt, Wlodzimierz"]
[Black "Zakrzewska, Joanna"]
[Result "1-0"]
[Board "9"]
[WhiteElo "2219"]
[WhiteTitle "GM"]
[WhiteCountry "POL"]
[WhiteFideId "1100041"]
[WhiteEloChange "2"]
[BlackElo "1736"]
[BlackCountry "POL"]
[BlackFideId "1170112"]
[BlackEloChange "-2"]

1. c4 {[%clk 1:30:52]} c5 {[%clk 1:30:48]} 2. Nf3 {[%clk 1:30:23]} Nc6 {[%clk
1:30:57]} 3. Nc3 {[%clk 1:28:24]} g6 {[%clk 1:28:42]} 4. e3 {[%clk 1:28:43]} e5
{[%clk 1:23:24]} 5. d4 {[%clk 1:28:30]} exd4 {[%clk 1:20:38]} 6. exd4 {[%clk
1:28:47]} d6 {[%clk 1:18:46]} 7. dxc5 {[%clk 0:57:27]} dxc5 {[%clk 1:15:29]} 8.
Qxd8+ {[%clk 0:57:40]} Nxd8 {[%clk 1:15:11]} 9. Nb5 {[%clk 0:57:07]} Ne6 {[%clk
1:12:28]} 10. Ng5 {[%clk 0:57:11]} Ke7 {[%clk 1:06:15]} 11. Be3 {[%clk 0:56:16]}
b6 {[%clk 1:03:18]} 12. Nxe6 {[%clk 0:46:12]} Bxe6 {[%clk 1:03:23]} 13. O-O-O
{[%clk 0:45:59]} Bg7 {[%clk 0:59:36]} 14. Be2 {[%clk 0:44:21]} Nh6 {[%clk
0:50:17]} 15. Bf3 {[%clk 0:43:04]} Rad8 {[%clk 0:50:23]} 16. Nxa7 {[%clk
0:38:25]} Rxd1+ {[%clk 0:42:58]} 17. Rxd1 {[%clk 0:38:52]} Bxc4 {[%clk 0:41:04]}
18. Nc6+ {[%clk 0:38:41]} Kf6 {[%clk 0:39:57]} 19. g4 {[%clk 0:32:38]} Ke6 {[%clk
0:21:56]} 20. Bf4 {[%clk 0:30:36]} f5 {[%clk 0:20:43]} 21. Rd6+ {[%clk 0:28:49]}
Kf7 {[%clk 0:21:03]} 22. Rd7+ {[%clk 0:28:45]} Kg8 {[%clk 0:18:59]} 23. Rd8+
{[%clk 0:28:54]} Kf7 {[%clk 0:19:18]} 24. Rxh8 {[%clk 0:28:59]} fxg4 {[%clk
0:16:02]} 25. Rxh7 {[%clk 0:21:35]} Kg8 {[%clk 0:14:46]} 26. Rxg7+ {[%clk
0:21:01]} Kxg7 {[%clk 0:14:58]} 27. Bd1 {[%clk 0:21:05]} 1-0

[Event "Poznan Chess Festival"]
[Site "chess24.com"]
[Date "2021.08.17"]
[Round "4"]
[White "Michalski, Karol"]
[Black "Hladun, Bartlomiej"]
[Result "1-0"]
[Board "10"]
[WhiteElo "2010"]
[WhiteCountry "POL"]
[WhiteFideId "1110845"]
[WhiteEloChange "2"]
[BlackElo "1639"]
[BlackCountry "POL"]
[BlackFideId "21802467"]
[BlackEloChange "-2"]

1. d4 {[%clk 1:30:51]} d5 {[%clk 1:30:57]} 2. c4 {[%clk 1:31:16]} c6 {[%clk
1:31:23]} 3. Nc3 {[%clk 1:31:01]} Nf6 {[%clk 1:31:46]} 4. Nf3 {[%clk 1:31:14]} a6
{[%clk 1:32:07]} 5. a4 {[%clk 1:31:09]} e6 {[%clk 1:31:15]} 6. e3 {[%clk
1:29:52]} a5 {[%clk 1:30:09]} 7. b3 {[%clk 1:26:49]} Na6 {[%clk 1:30:02]} 8. Bd3
{[%clk 1:26:22]} Nb4 {[%clk 1:29:28]} 9. Bb1 {[%clk 1:22:08]} Be7 {[%clk
1:28:56]} 10. Qe2 {[%clk 1:16:25]} O-O {[%clk 1:28:16]} 11. O-O {[%clk 1:14:15]}
b6 {[%clk 1:28:04]} 12. Rd1 {[%clk 1:06:39]} Ba6 {[%clk 1:26:18]} 13. e4 {[%clk
1:05:26]} dxe4 {[%clk 1:22:01]} 14. Nxe4 {[%clk 1:05:42]} Qc7 {[%clk 1:07:58]}
15. Nxf6+ {[%clk 1:03:13]} Bxf6 {[%clk 1:08:25]} 16. Qe4 {[%clk 1:03:36]} g6
{[%clk 1:07:49]} 17. Bf4 {[%clk 1:03:22]} Qe7 {[%clk 1:04:26]} 18. Be5 {[%clk
0:58:49]} Rfd8 {[%clk 0:59:19]} 19. Qf4 {[%clk 0:52:42]} Bxe5 {[%clk 0:57:12]}
20. Nxe5 {[%clk 0:51:15]} f6 {[%clk 0:43:49]} 21. Nf3 {[%clk 0:09:27]} e5 {[%clk
0:43:43]} 22. Qe3 {[%clk 0:09:29]} Qc7 {[%clk 0:34:21]} 23. h4 {[%clk 0:09:52]}
Bc8 {[%clk 0:17:55]} 24. h5 {[%clk 0:08:59]} exd4 {[%clk 0:14:31]} 25. Rxd4
{[%clk 0:08:54]} Rxd4 {[%clk 0:10:37]} 26. Qxd4 {[%clk 0:08:46]} Kg7 {[%clk
0:09:33]} 27. h6+ {[%clk 0:09:02]} Kf7 {[%clk 0:08:54]} 28. Ng5+ {[%clk 0:09:27]}
Kg8 {[%clk 0:08:06]} 29. Qxf6 {[%clk 0:09:37]} Bg4 {[%clk 0:07:55]} 30. Bxg6
{[%clk 0:09:57]} Rf8 {[%clk 0:05:38]} 31. Bxh7+ {[%clk 0:10:22]} 1-0

[Event "Poznan Chess Festival"]
[Site "chess24.com"]
[Date "2021.08.17"]
[Round "4"]
[White "Krych, Dominik"]
[Black "Lanin, Boris Dr"]
[Result "0-1"]
[Board "11"]
[WhiteElo "1617"]
[WhiteCountry "POL"]
[WhiteFideId "21039070"]
[WhiteEloChange "-3"]
[BlackElo "1949"]
[BlackCountry "RUS"]
[BlackFideId "4198166"]
[BlackEloChange "3"]

1. d4 {[%clk 1:30:59]} Nf6 {[%clk 1:25:08]} 2. c4 {[%clk 1:31:17]} c5 {[%clk
1:25:15]} 3. Nf3 {[%clk 1:31:27]} cxd4 {[%clk 1:25:38]} 4. Nxd4 {[%clk 1:31:54]}
Nc6 {[%clk 1:25:32]} 5. g3 {[%clk 1:31:53]} e6 {[%clk 1:25:46]} 6. Bg2 {[%clk
1:31:48]} d5 {[%clk 1:24:29]} 7. O-O {[%clk 1:31:03]} e5 {[%clk 1:24:04]} 8. Nxc6
{[%clk 1:27:13]} bxc6 {[%clk 1:24:26]} 9. Nc3 {[%clk 1:27:34]} Be6 {[%clk
1:22:21]} 10. Qa4 {[%clk 1:27:49]} Qd7 {[%clk 1:21:17]} 11. Rd1 {[%clk 1:26:54]}
Rd8 {[%clk 1:17:56]} 12. Bg5 {[%clk 1:26:40]} Be7 {[%clk 1:13:05]} 13. Bxf6
{[%clk 1:26:25]} Bxf6 {[%clk 1:13:00]} 14. cxd5 {[%clk 1:26:46]} cxd5 {[%clk
1:13:22]} 15. Qxd7+ {[%clk 1:26:57]} Rxd7 {[%clk 1:13:19]} 16. Bxd5 {[%clk
1:26:57]} Ke7 {[%clk 1:11:44]} 17. e4 {[%clk 1:25:40]} Bg4 {[%clk 1:10:26]} 18.
Rd3 {[%clk 1:26:01]} Rb8 {[%clk 1:10:39]} 19. f3 {[%clk 1:13:30]} Bh3 {[%clk
1:10:20]} 20. Rb1 {[%clk 1:12:11]} h5 {[%clk 1:08:40]} 21. b4 {[%clk 1:12:03]}
Kf8 {[%clk 1:08:28]} 22. Nd1 {[%clk 1:00:51]} Bd8 {[%clk 1:07:32]} 23. Kf2 {[%clk
0:57:27]} Bb6+ {[%clk 1:07:38]} 24. Ne3 {[%clk 0:48:59]} Rc7 {[%clk 1:07:42]} 25.
Ke2 {[%clk 0:47:51]} Rbc8 {[%clk 1:06:39]} 26. Bb3 {[%clk 0:47:23]} Bd4 {[%clk
1:03:44]} 27. a4 {[%clk 0:44:28]} g5 {[%clk 0:49:44]} 28. Nd5 {[%clk 0:42:38]}
Rb7 {[%clk 0:45:43]} 29. Rxd4 {[%clk 0:39:12]} exd4 {[%clk 0:45:42]} 30. Kd3
{[%clk 0:39:32]} Bg2 {[%clk 0:40:32]} 31. Bd1 {[%clk 0:38:35]} Rd7 {[%clk
0:32:23]} 32. Kxd4 {[%clk 0:24:56]} f5 {[%clk 0:32:00]} 33. Rb2 {[%clk 0:25:07]}
Bh1 {[%clk 0:26:29]} 34. b5 {[%clk 0:22:17]} Re8 {[%clk 0:25:04]} 35. Rf2 {[%clk
0:22:13]} g4 {[%clk 0:20:00]} 36. Kc5 {[%clk 0:20:11]} Rc8+ {[%clk 0:19:29]} 37.
Kb4 {[%clk 0:20:20]} Kg7 {[%clk 0:17:16]} 38. Ne3 {[%clk 0:17:21]} Kh8 {[%clk
0:12:02]} 39. Rf1 {[%clk 0:11:59]} Rd4+ {[%clk 0:10:48]} 40. Ka5 {[%clk 0:12:13]}
Bxf3 {[%clk 0:10:44]} 41. Bxf3 {[%clk 0:12:18]} gxf3 {[%clk 0:10:45]} 42. Nxf5
{[%clk 0:11:36]} Rd3 {[%clk 0:10:31]} 43. Ka6 {[%clk 0:10:51]} Rc4 {[%clk
0:03:50]} 44. a5 {[%clk 0:10:48]} Rxe4 {[%clk 0:03:57]} 45. Kxa7 {[%clk 0:01:52]}
Re5 {[%clk 0:04:08]} 46. Rb1 {[%clk 0:02:09]} Rd7+ {[%clk 0:04:06]} 47. Ka6
{[%clk 0:02:26]} Rxf5 {[%clk 0:04:21]} 48. b6 {[%clk 0:02:28]} Rf6 {[%clk
0:04:01]} 49. Kb5 {[%clk 0:01:29]} f2 {[%clk 0:02:06]} 50. a6 {[%clk 0:01:31]}
Rdd6 {[%clk 0:01:28]} 51. Ka5 {[%clk 0:00:36]} Rxb6 {[%clk 0:00:58]} 52. Rxb6
{[%clk 0:01:01]} f1=Q {[%clk 0:01:17]} 53. Rb8+ {[%clk 0:00:33]} Kg7 {[%clk
0:01:36]} 54. Rb7+ {[%clk 0:00:57]} Kg6 {[%clk 0:02:02]} 55. a7 {[%clk 0:01:21]}
Qa6+ {[%clk 0:02:25]} 0-1

[Event "Poznan Chess Festival"]
[Site "chess24.com"]
[Date "2021.08.17"]
[Round "4"]
[White "Andrzejewska, Anna"]
[Black "Litke, Slawomir"]
[Result "1/2-1/2"]
[Board "12"]
[WhiteElo "1948"]
[WhiteTitle "WCM"]
[WhiteCountry "POL"]
[WhiteFideId "1127284"]
[WhiteEloChange "-7"]
[BlackElo "1623"]
[BlackCountry "POL"]
[BlackFideId "21882282"]
[BlackEloChange "7"]

1. e4 {[%clk 1:30:59]} e5 {[%clk 1:30:48]} 2. Nf3 {[%clk 1:31:24]} Nc6 {[%clk
1:31:13]} 3. d4 {[%clk 1:31:38]} exd4 {[%clk 1:31:33]} 4. Bc4 {[%clk 1:32:04]}
Nf6 {[%clk 1:30:48]} 5. e5 {[%clk 1:32:27]} d5 {[%clk 1:29:54]} 6. Bb5 {[%clk
1:32:35]} Ne4 {[%clk 1:29:14]} 7. Nxd4 {[%clk 1:32:19]} Bd7 {[%clk 1:28:41]} 8.
Bxc6 {[%clk 1:32:11]} bxc6 {[%clk 1:27:07]} 9. O-O {[%clk 1:32:13]} Bc5 {[%clk
1:20:24]} 10. f3 {[%clk 1:31:12]} Ng5 {[%clk 1:19:40]} 11. f4 {[%clk 1:30:59]}
Ne6 {[%clk 1:08:49]} 12. c3 {[%clk 1:25:17]} g6 {[%clk 0:59:59]} 13. Kh1 {[%clk
1:18:55]} Ng7 {[%clk 0:57:42]} 14. Be3 {[%clk 1:14:09]} Bb6 {[%clk 0:54:10]} 15.
b4 {[%clk 1:02:22]} Nf5 {[%clk 0:47:04]} 16. Bf2 {[%clk 0:51:24]} h5 {[%clk
0:46:50]} 17. Nd2 {[%clk 0:47:51]} h4 {[%clk 0:43:38]} 18. Nxf5 {[%clk 0:38:19]}
Bxf5 {[%clk 0:43:51]} 19. Qf3 {[%clk 0:35:37]} Qd7 {[%clk 0:37:42]} 20. h3 {[%clk
0:35:35]} Kf8 {[%clk 0:33:52]} 21. Kh2 {[%clk 0:33:18]} Kg7 {[%clk 0:34:01]} 22.
Nb3 {[%clk 0:31:41]} Be4 {[%clk 0:33:55]} 23. Qd1 {[%clk 0:29:00]} Qf5 {[%clk
0:32:24]} 24. Bd4 {[%clk 0:27:50]} Qe6 {[%clk 0:30:30]} 25. a4 {[%clk 0:25:45]}
a6 {[%clk 0:29:22]} 26. a5 {[%clk 0:25:38]} Bxd4 {[%clk 0:27:21]} 27. Qxd4 {[%clk
0:24:45]} Kh7 {[%clk 0:22:37]} 28. Nc5 {[%clk 0:24:27]} Qf5 {[%clk 0:22:52]} 29.
Rae1 {[%clk 0:24:00]} Rad8 {[%clk 0:21:13]} 30. Nxe4 {[%clk 0:16:56]} dxe4 {[%clk
0:21:31]} 31. Qxe4 {[%clk 0:17:17]} Rd2 {[%clk 0:10:45]} 32. Qxc6 {[%clk
0:16:15]} Qd3 {[%clk 0:10:56]} 33. Qf3 {[%clk 0:11:36]} Qc2 {[%clk 0:11:09]} 34.
f5 {[%clk 0:08:47]} Rhd8 {[%clk 0:03:56]} 35. fxg6+ {[%clk 0:08:35]} fxg6 {[%clk
0:03:55]} 36. Qf7+ {[%clk 0:07:10]} Kh6 {[%clk 0:03:47]} 37. Qf4+ {[%clk
0:06:56]} Kg7 {[%clk 0:04:01]} 38. Qe4 {[%clk 0:02:23]} Rxg2+ {[%clk 0:03:45]}
39. Qxg2 {[%clk 0:02:33]} Rd2 {[%clk 0:04:08]} 40. Qxd2 {[%clk 0:02:58]} Qxd2+
{[%clk 0:04:35]} 41. Kg1 {[%clk 0:02:38]} Qxc3 {[%clk 0:04:41]} 42. e6 {[%clk
0:01:20]} Qg3+ {[%clk 0:04:53]} 43. Kh1 {[%clk 0:01:48]} Qxh3+ {[%clk 0:05:15]}
44. Kg1 {[%clk 0:02:16]} Qg3+ {[%clk 0:05:32]} 45. Kh1 {[%clk 0:02:44]} Qe5
{[%clk 0:01:42]} 46. Rg1 {[%clk 0:02:32]} Qf5 {[%clk 0:01:42]} 1/2-1/2

[Event "Poznan Chess Festival"]
[Site "chess24.com"]
[Date "2021.08.17"]
[Round "4"]
[White "Twardowski, Hubert"]
[Black "Weglarz, Janusz"]
[Result "1-0"]
[Board "13"]
[WhiteElo "1877"]
[WhiteCountry "POL"]
[WhiteFideId "1190415"]
[WhiteEloChange "3"]
[BlackElo "1607"]
[BlackCountry "POL"]
[BlackFideId "1123076"]
[BlackEloChange "-3"]

1. e4 {[%clk 1:30:55]} c6 {[%clk 1:30:51]} 2. d4 {[%clk 1:31:20]} d5 {[%clk
1:31:12]} 3. Nd2 {[%clk 1:31:45]} dxe4 {[%clk 1:31:09]} 4. Nxe4 {[%clk 1:32:13]}
Bf5 {[%clk 1:30:31]} 5. Ng3 {[%clk 1:32:36]} Bg6 {[%clk 1:30:35]} 6. h4 {[%clk
1:33:00]} h6 {[%clk 1:30:22]} 7. Nf3 {[%clk 1:33:25]} e6 {[%clk 1:30:14]} 8. Ne5
{[%clk 1:30:31]} Bh7 {[%clk 1:29:26]} 9. Bc4 {[%clk 1:29:09]} Nf6 {[%clk
1:29:20]} 10. Qe2 {[%clk 1:27:54]} Qe7 {[%clk 1:25:40]} 11. Be3 {[%clk 1:26:38]}
Nbd7 {[%clk 1:25:51]} 12. O-O-O {[%clk 1:17:02]} Nd5 {[%clk 1:25:53]} 13. Bd3
{[%clk 1:15:27]} Bxd3 {[%clk 1:24:52]} 14. Qxd3 {[%clk 1:15:31]} Nxe3 {[%clk
1:23:02]} 15. Qxe3 {[%clk 1:15:10]} O-O-O {[%clk 1:20:39]} 16. Ne4 {[%clk
1:11:59]} Nxe5 {[%clk 1:19:29]} 17. dxe5 {[%clk 1:11:54]} Rxd1+ {[%clk 1:15:27]}
18. Rxd1 {[%clk 1:12:02]} Qxh4 {[%clk 1:05:40]} 19. Qxa7 {[%clk 1:04:07]} Kc7
{[%clk 0:50:35]} 20. Nd6 {[%clk 0:57:32]} Qf4+ {[%clk 0:39:55]} 21. Kb1 {[%clk
0:57:49]} Bxd6 {[%clk 0:38:02]} 22. exd6+ {[%clk 0:58:07]} Qxd6 {[%clk 0:37:36]}
23. Rxd6 {[%clk 0:57:37]} Kxd6 {[%clk 0:37:58]} 24. Qxb7 {[%clk 0:57:49]} Rd8
{[%clk 0:37:26]} 25. Qxf7 {[%clk 0:57:57]} Rd7 {[%clk 0:37:47]} 26. Qf8+ {[%clk
0:58:02]} Ke5 {[%clk 0:37:35]} 27. a4 {[%clk 0:58:09]} 1-0

[Event "Poznan Chess Festival"]
[Site "chess24.com"]
[Date "2021.08.17"]
[Round "4"]
[White "Dopierala, Adam"]
[Black "Rozumek, Krzysztof"]
[Result "1-0"]
[Board "14"]
[WhiteElo "1582"]
[WhiteCountry "POL"]
[WhiteFideId "21878960"]
[WhiteEloChange "17"]
[BlackElo "1859"]
[BlackCountry "POL"]
[BlackFideId "1180215"]
[BlackEloChange "-17"]

1. d4 {[%clk 1:30:59]} Nf6 {[%clk 1:30:38]} 2. c4 {[%clk 1:31:25]} c6 {[%clk
1:30:41]} 3. Nc3 {[%clk 1:30:55]} d5 {[%clk 1:31:07]} 4. Nf3 {[%clk 1:29:42]} e6
{[%clk 1:31:23]} 5. Bf4 {[%clk 1:28:34]} Bd6 {[%clk 1:31:30]} 6. Bg3 {[%clk
1:28:24]} Qe7 {[%clk 1:29:32]} 7. e3 {[%clk 1:28:17]} Nbd7 {[%clk 1:29:46]} 8.
Ne5 {[%clk 1:28:23]} Bb8 {[%clk 1:28:35]} 9. f4 {[%clk 1:25:24]} Nf8 {[%clk
1:12:29]} 10. Be2 {[%clk 1:16:10]} Ne4 {[%clk 1:08:28]} 11. Nxe4 {[%clk 1:08:53]}
dxe4 {[%clk 1:08:55]} 12. O-O {[%clk 1:08:02]} f5 {[%clk 1:07:35]} 13. Qa4 {[%clk
1:06:25]} Bd7 {[%clk 0:52:09]} 14. Rfd1 {[%clk 1:02:36]} a6 {[%clk 0:40:38]} 15.
Qa5 {[%clk 0:56:17]} Ng6 {[%clk 0:36:37]} 16. Bh5 {[%clk 0:53:31]} Bxe5 {[%clk
0:35:31]} 17. dxe5 {[%clk 0:51:58]} c5 {[%clk 0:30:10]} 18. Rd6 {[%clk 0:51:30]}
Bc6 {[%clk 0:30:38]} 19. Qxc5 {[%clk 0:49:36]} O-O {[%clk 0:30:53]} 20. Bxg6
{[%clk 0:49:54]} hxg6 {[%clk 0:31:19]} 21. Rxc6 {[%clk 0:50:18]} 1-0